[Event "World-ch28 Karpov-Kortschnoj +6-5=21"]
[Site "Baguio City"]
[Date "1978.07.22"]
[Round "3"]
[White "Kortschnoj, Viktor Lvovich"]
[Black "Karpov, Anatoly"]
[Result "1/2-1/2"]
[WhiteElo "2665"]
[BlackElo "2725"]
[PlyCount "60"]
[EventDate "1978.07.18"]
[EventType "match"]
[EventRounds "32"]
[EventCountry "PHI"]
[SourceTitle "MainBase"]
[Source "ChessBase"]
[SourceDate "1999.07.01"]
[SourceVersion "2"]
[SourceVersionDate "1999.07.01"]
[SourceQuality "1"]

1. c4 {Shirov,Alexei} Nf6 2. d4 e6 3. Nc3 Bb4 4. e3 c5 5. Nge2 cxd4 6. exd4 d5 ({RR} 6... O-O) 7. c5 ({RR} 7. a3) 7... Ne4 8. Bd2 Nxd2 9. Qxd2 a5 10. a3 Bxc3 11. Nxc3 Bd7 12. Bd3 a4 13. O-O O-O ({RR} 13... Nc6 14. Bc2 ({RR} 14. Rae1 Nxd4 15. Nxd5 Bc6 16. Nb6 Ra5 17. Qxa5 Nf3+ 18. Kh1 Qh4 19. h3 Qf4) 14... Ne7 15. Rae1 ({RR} 15. Rfe1 b6 16. Qd1 bxc5 17. dxc5 Qa5 18. Nxd5 exd5 19. Qxd5 Be6 {RR} 20. Qg5 Ng6 21. Re4 O-O 22. Rxa4 Qb5 23. Rxa8 Rxa8) ({RR} 15. Qd1 Qa5 16. Qg4 g6 17. Qg5 Qd8 18. Qh6 Ng8) 15... b6 ({RR} 15... O-O 16. Qd1 Qa5 17. Re3) 16. Qd1 bxc5 17. dxc5 Qa5 18. Qd4 ({RR} 18. Nxd5 exd5 19. Qxd5 Be6) 18... O-O 19. Re3 ({RR} 19. Bxh7+ Kxh7 20. Qh4+ Kg8 21. Qxe7 Ra7 22. Qd6 Rd8) 19... f5 ({RR} 19... Rfc8 20. Rh3 ({RR} 20. Bxh7+ Kxh7 21. Qh4+ Kg8 22. Qxe7 Qd8) 20... Ng6 21. Bxg6 hxg6 ({RR} 21... fxg6 22. Ne4) 22. Qh4 f6 23. Qh7+ Kf7 24. Rh6 Rg8 25. Rxg6 Qxc5 26. Qh5 Rac8) ({RR} 19... Nc6 20. Qh4 ({RR} 20. Bxh7+ Kxh7 21. Qh4+ Kg8 22. Rh3 f6 23. Qh7+ Kf7 24. Rg3 Rg8) 20... f5 21. Nxa4 Qd2 22. Nb6) 20. Bxa4 Bxa4 21. Rxe6 Ng6 ({RR} 21... Nc6 22. Qxd5) ({RR} 21... Rf7 22. Rfe1) 22. b4 ({RR} 22. Nxd5 Bb3 ({RR} 22... Rad8)) ({RR} 22. Qxd5 Nf4) 22... Qa7 23. b5 Qa5 24. b6 Be8 25. Nxd5 ({RR} 25. b7 Rb8 26. Rb6) 25... Bf7 26. Rxg6 ({RR} 26. Rd6 Qxa3) 26... Bxg6 ({RR} 26... hxg6 27. Ne7+ Kh7 28. Qh4#) 27. c6 Rae8 28. b7 {Shirov,A (2740)-Yudasin,L (2625) Moscow 1994 CBM 045 [Shirov,Alexei] 1-0 (36)} {RR} Re1 ({RR} 28... Qb5 29. Nc7 ({RR} 29. Nb4) 29... Qxc6 30. Nxe8 Rxe8 31. Qa7 ({RR} 31. Rb1 Qxb7) 31... Qc7 32. Rb1 Rb8 33. h4 ({RR} 33. a4 f4) 33... Be8) 29. h3 Rxf1+ 30. Kxf1 Re8 31. Kg1) 14. f4 g6 ({RR} 14... Nc6 15. f5 exf5 16. Bxf5 Ne7 17. Bc2 Bc6 18. Rae1 Qd7 19. Qg5 Ng6 20. h4 Rfe8 21. h5 h6 22. Rxe8+ Rxe8 23. Qf5 Nf8 24. Qxd7 Nxd7 25. Bxa4 Bxa4 26. Nxa4 Re2 27. b4 Rd2 28. Nb6 Nxb6 29. cxb6 {Navara,D (2697)-Meier,G (2628) Tornelo INT 2021 ½-½ (66)}) 15. Kh1 $146 ({RR} 15. Bc2 Bc6 16. Rae1 Nd7 17. Qd1 Qa5 18. Re3 Rfe8 19. Rfe1 Nf6 20. g4 b6 21. f5 exf5 22. Rxe8+ Nxe8 23. Bxa4 b5 24. Bb3 Nf6 25. gxf5 b4 26. axb4 Qxb4 27. fxg6 hxg6 28. Rf1 Kg7 29. Rf4 Ra7 {Vaisser,A (2530)-Damljanovic,B (2565) Sochi 1988 ½-½ (32)}) 15... Nc6 16. Bc2 Ne7 17. Rae1 b6 18. Rf3 Re8 19. Rfe3 Bc6 20. cxb6 Qxb6 21. g4 Qc7 22. f5 exf5 23. gxf5 Qd6 24. Rh3 Nxf5 25. Bxf5 gxf5 26. Rg1+ Kh8 27. Rh6 Re6 28. Rxe6 Qxe6 29. Qg5 Qg6 30. Qh4 Qe6 1/2-1/2

[Event "Biel"]
[Site "Biel"]
[Date "1992.??.??"]
[Round "10"]
[White "Kortschnoj, Viktor Lvovich"]
[Black "Karpov, Anatoly"]
[Result "0-1"]
[WhiteElo "2575"]
[BlackElo "2715"]
[Annotator "Ftacnik,Lubomir"]
[PlyCount "112"]
[EventDate "1992.07.??"]
[EventType "tourn"]
[EventRounds "14"]
[EventCountry "SUI"]
[EventCategory "16"]
[SourceTitle "CBM 031"]
[Source "ChessBase"]
[SourceDate "1992.12.01"]
[SourceVersion "1"]
[SourceVersionDate "1992.12.01"]
[SourceQuality "1"]

1. d4 Nf6 2. c4 e6 3. Nc3 Bb4 4. Qc2 O-O 5. a3 Bxc3+ 6. Qxc3 b6 7. Nf3 Bb7 8. g3 d6 9. Bg2 Nbd7 10. O-O a5 11. b3 Qe7 12. Bb2 Rfe8 ({RR} 12... Rfc8 13. Rfd1 h6 14. d5 exd5 15. cxd5 Nc5 16. Nd4 Qe5 17. f4 Qh5 18. Bf3 Qg6 19. Nc6 Re8 20. Rd4 Nfe4 21. Qc2 f5 22. Kg2 Nf6 23. b4 axb4 24. axb4 Rxa1 25. Bxa1 Nce4 26. Rd3 Ba6 27. Ra3 {Hess,R (2581)-Oparin,G (2654) Chess.com INT 2019 1-0 (55)}) ({RR} 12... Be4 13. Nd2 Bxg2 14. Kxg2 d5 15. Rfe1 c5 16. e4 cxd4 17. Qxd4 dxc4 18. Nxc4 Nc5 19. Nxb6 Rab8 20. b4 Nb3 21. Qc3 Nxa1 22. bxa5 Rfd8 23. Bxa1 Qa7 24. Qc5 h6 25. Bxf6 gxf6 26. Rc1 Kg7 27. Qh5 {Stearman,J (2448)-Liang,A (2693) Philadelphia USA 2025 ½-½ (41)}) 13. Rfe1 Be4 (13... c5 $5) 14. Bf1 c5 15. Nd2 $146 ({RR} 15. Rad1 d5 16. dxc5 Nxc5 17. cxd5 Bxd5 18. Nd4 Rac8 19. Qe3 h6 20. Rc1 Qd7 21. Red1 Qe7 22. h4 Rcd8 23. Bh3 Ba8 24. g4 Nd5 25. Qg3 Ne4 26. Qe5 Nef6 27. g5 hxg5 28. hxg5 Nh5 29. Nc6 Bxc6 {Taboas Rodriguez,D (2330)-Masruri,R (2327) chess.com INT 2024 0-1 (45)}) ({RR} 15. Rad1 d5 16. dxc5 Nxc5 17. cxd5 Bxd5 18. Nd4 Rac8 19. Qe3 h6 20. Rc1 Qd7 21. Red1 Qe7 22. h4 Rcd8 23. Bh3 Ba8 24. g4 Nd5 25. Qg3 Ne4 26. Qe5 Nef6 27. g5 hxg5 28. hxg5 Nh5 29. Nc6 Bxc6 {Taboas Rodriguez,D (2330)-Masruri,R (2327) chess.com INT 2024 0-1 (45)}) 15... cxd4 16. Qxd4 e5 17. Qc3 Rac8 (17... Bb7 18. e4 $14) 18. Nxe4 Nxe4 19. Qe3 Nef6 20. Rac1 (20. Bg2 a4 $1 $10) 20... Qe6 21. Red1 d5 22. cxd5 Nxd5 23. Qd3 N5f6 24. b4 axb4 25. axb4 h5 26. Bg2 h4 27. e4 $14 hxg3 28. hxg3 Rxc1 29. Bxc1 Ra8 30. Be3 Ra2 31. Qc3 Kh7 32. Rd2 Ra8 (32... Rxd2 33. Qxd2 $14) 33. Qc1 Ra4 34. Qc3 Qg4 $2 (34... Ra8 $14) 35. Rd6 $1 b5 36. Qe1 $1 Nf8 37. f3 Qc8 38. Bf1 Ra3 39. Rd3 (39. Bxb5 Qb8 40. Rb6 Qa7 $132) 39... Ra2 40. Rd2 Ra3 41. Bxb5 Ne6 42. Bf1 g5 43. Rd3 Ra4 44. g4 (44. b5 g4 $132) 44... Qb8 45. Rb3 Nd4 46. Bxd4 (46. Bxg5 Nxb3 (46... Kg6 47. Qh4 Ng8 $13) 47. Qh4+ Nh5 $3 (47... Kg8 48. Bxf6 $18) 48. Qxh5+ Kg8 49. Bf6 $140 Qb6+ $19) 46... exd4 47. e5 Nd7 48. f4 (48. e6 fxe6 49. Qe4+ Kg7 50. Qxd4+ Kg8 51. Rb2 $1 (51. Qxd7 Qg3+ 52. Kh1 Qh4+ 53. Kg1 Qg3+ $10) 51... Ne5 52. Qe3 $1 $16) 48... Qb6 $1 (48... gxf4 49. Qh4+ Kg8 50. Qg5+ Kf8 51. Rh3 Qxe5 (51... Ke8 52. Rh8+ Nf8 53. Qh6 Qxb4 (53... Ke7 54. Qf6+ Ke8 55. Rxf8+ Kxf8 56. Qh8+ $18) 54. Bb5+ $1 $18) 52. Qd8+ Kg7 53. Qh8+ Kg6 54. Qh6#) 49. Bd3+ Kg8 50. f5 (50. e6 fxe6 51. Qe4 $14) 50... Ra2 (50... Nc5 51. e6 $1) 51. e6 (51. Rb1 $5) 51... Qd6 $1 52. Be2 Ne5 53. Qc1 Rxe2 54. Qxg5+ Kf8 55. Qh6+ Ke8 56. Ra3 $2 (56. Qh8+ Qf8 (56... Ke7 57. Qh4+ f6 58. Qh7+ Kd8 59. Ra3 $1) 57. exf7+ $132) 56... Re1+ {Ftacnik,L} (56... Re1+ 57. Kg2 (57. Kf2 Nxg4+) 57... Qd5+ 58. Kg3 Rg1+ $19) 0-1

[Event "World-ch28 Karpov-Kortschnoj +6-5=21"]
[Site "Baguio City"]
[Date "1978.08.26"]
[Round "17"]
[White "Kortschnoj, Viktor Lvovich"]
[Black "Karpov, Anatoly"]
[Result "0-1"]
[WhiteElo "2665"]
[BlackElo "2725"]
[Annotator "Donev,Ivo Hristov"]
[PlyCount "78"]
[EventDate "1978.07.18"]
[EventType "match"]
[EventRounds "32"]
[EventCountry "PHI"]
[SourceTitle "100 Jahre Schach"]
[Source "ChessBase"]
[SourceDate "2000.04.19"]
[SourceVersion "1"]
[SourceVersionDate "2000.04.19"]
[SourceQuality "1"]

1. c4 Nf6 2. Nc3 e6 3. d4 Bb4 4. e3 O-O 5. Bd3 c5 6. d5 b5 7. dxe6 fxe6 8. cxb5 a6 {Schwarz versucht Linien am Damenflügel zu öffnen und mit Tempo seine Figuren zu entwickeln.} ({RR} 8... Bb7 9. Nf3 d5 10. O-O Nbd7 11. Ne2 Qe8 12. Ng3 e5 13. Bf5 g6 14. Bh3 a6 15. Ng5 axb5 16. Ne6 c4 17. Bd2 Bc5 18. Nc7 Qe7 19. Nxa8 Rxa8 20. a3 Nb6 21. Qc2 Bc8 22. Bxc8 Rxc8 23. Ba5 {Kortschnoj,V (2665)-Karpov,A (2725) Baguio City 1978 ½-½ (42)}) 9. Nge2 d5 10. O-O e5 $146 {Mittels eines Bauernopfers hat der Nachziehende das weiße Zentrum vernichtet und selber mit seinen Bauern die Zentralfelder besetzt. Trotzdem ist die weiße Stellung besser, und wie wir später sehen, wird der Anziehende erfolgreich das schwarze Zentrum untergraben.} ({RR} 10... axb5 11. Bxb5 Bb7 12. a3 Ba5 13. Rb1 Bc7 14. Ng3 d4 15. Nce2 h5 16. exd4 Qd5 17. f3 h4 18. Bf4 Bb6 19. Nh1 cxd4 20. Qd3 Nc6 21. Bc4 Qd7 22. Nf2 Nd5 23. Rfe1 Rae8 24. Nh3 Rf5 25. Kh1 {Timman,J (2600)-Kuijpers,F (2410) Leeuwarden 1980 1-0 (43)}) 11. a3 (11. e4 c4 12. Bc2 d4 $17) 11... axb5 {Mittels der Öffnung der a-Linie verteidigt Schwarz indirekt seinen Läufer.} 12. Bxb5 Bxc3 ({auf} 12... Be6 {ist unangenehm:} 13. Na4 Ba5 14. Nxc5 $16) (12... Qb6 $6 13. Bd3 (13. Nxd5 $2 Qxb5 14. Nxf6+ gxf6 15. Qd5+ Kh8 16. Qxa8 Bb7 17. Qa7 Ba5 $1 18. a4 Qc6 19. f3 Bb6 $19) 13... c4 14. Nxd5 $1 Nxd5 15. Bxc4 $18) (12... c4 $6 13. e4 $1 $16) ({Schwarz sollte den b4 nicht tauschen und mittels:} 12... Bb7 $142 $5 {die Spannung im Zentrum aufrechterhalten.}) 13. bxc3 $1 Ba6 ({Wahrscheinlich besser ist} 13... Bb7 $5) ({Leider} 13... c4 {ist nicht gut wegen} 14. a4 Ba6 15. Ba3 Rf7 16. f4 $1 Ng4 17. Qd2 $16) 14. Rb1 (14. c4 d4 15. f4 d3 16. Ng3 exf4 17. Rxf4 $16) 14... Qd6 (14... Nbd7 15. e4 Bxb5 16. Rxb5 $18) 15. c4 d4 16. Ng3 (16. f4 d3 (16... Bb7 $5) (16... Nc6) 17. Ng3 exf4 18. Rxf4 $16) 16... Nc6 17. a4 (17. Nf5 Qe6 18. Bxc6 Qxf5 19. Bxa8 Qxb1 20. exd4 cxd4 $13 (20... Rxa8 $2 21. dxe5 $16)) 17... Na5 {Wahrscheinlich sollte Schwarz seinen Läufer nach b7 und den Springer nach e7 stellen, um Figurenspiel im Zentrum und am Königsflügel zu bekommen.} 18. Qd3 Qe6 19. exd4 cxd4 ({Ohne Perspektive war} 19... exd4 {weil der Anziehende mittels} 20. Ba3 {den c-Bauern unter Druck setzt und mit ae1 die offene e-Linie besetzt.}) 20. c5 $1 $16 {Nach diesem starken Zug kann man sagen, dass der strategische Kampf von Weiß gewonnen wurde.} Rfc8 (20... Bxb5 21. axb5 Qd5 22. Ba3 e4 23. Qc2 $16) 21. f4 $1 {Rechtzeitiger Schlag im Zentrum.} ({Falls der Anziehende seinen c-Bauern mittels} 21. Ba3 {verteidigt, bekommt Schwarz aktives Gegenspiel:} Nd5 22. Rbe1 Nf4 23. Qe4 Nc4 24. Bb4 Nd5 $132) (21. Ne4 $6 Nxe4 22. Qxe4 Bb7 $36) 21... Rxc5 22. Bxa6 $6 {Hier konnte Weiß seinen Vorteil vergrößern:} (22. fxe5 $142 $1 Rxe5 23. Bxa6 $1 (23. Qxd4 Bxb5 24. Rxb5 Rxb5 25. axb5 Nb3 26. Qe3 Qxe3+ 27. Bxe3 Rb8 28. b6 Nd5 {[%cal Yd5b6,Yd5e3]} 29. Rb1 Nxe3 30. Rxb3 Nc4 $11) 23... Rxa6 (23... Qxa6 24. Rb8+ $1 Re8 25. Qxa6 Rxa6 26. Rxf6 $1 $18) 24. Rb8+ Kf7 25. Ba3 $18 {[%cal Yb8f8] Weiß hat entscheidenden Angriff.}) 22... Qxa6 23. Qxa6 Rxa6 24. Ba3 {Trotz des Abtauschs der Damen hat Weiß noch Chancen auf Angriff gegen den schwarzen Monarchen. Die Stellung ist voller taktischer Ressourcen, und viele Züge des Nachziehende werden "einzige" sein.} Rd5 25. Nf5 Kf7 26. fxe5 Rxe5 27. Rb5 {Weiß hoffte auf den Turmtausch 27...xb5 28.axb5, bei dem der weiße Freibauer mit Tempo auf die b-Linie geht. So wird der Bauer, unterstützt von den weißen Figuren, sehr gefährlich. Karpov tauscht auf b5 selbstverständlich nicht, sondern findet ein sehr starke Antwort.} ({Wahrscheinlich besser wäre:} 27. Nxd4 Nc4 28. Rb7+ Kg8 (28... Ke8 29. Bb4 {f5}) 29. Be7 $16) 27... Nc4 $1 28. Rb7+ (28. Nd6+ Rxd6 29. Bxd6 (29. Rxe5 Nxa3 $17) 29... Rxb5 30. axb5 Nxd6 $17) 28... Ke6 29. Nxd4+ (29. Bf8 $142 $1 $18) 29... Kd5 30. Nf3 {Weiß möchte 2 Leichtfiguren für einen Turm tauschen, aber als Zinsen hofft er alle schwarzen Bauern zu vernichten. Praktisch muss der Nachziehende einverstanden sein mit diesem Angebot, weil er einfach keine Wahl hat.} (30. Nb5 $5 Nxa3 (30... Rxa4 31. Rxg7 Nxa3 32. Nc3+ $18) 31. Nxa3 Rxa4 32. Rxg7 $16 {[%cal Ya4a3,Yf1f6]}) 30... Nxa3 31. Nxe5 Kxe5 32. Re7+ $1 {Ein feiner Zug. So wird der Kontakt zwischen dem König und dem f6 unterbrochen, nach dem der  auf g7 geschlagen hat. Der schwarze  kann nicht den Bauern auf a4 nehmen, weil der Springer auf f6 dann ungedeckt ist.} Kd4 33. Rxg7 Nc4 34. Rf4+ Ne4 $1 (34... Kd3 35. Rf7 {so wird Schwarz den h-Bauern verlieren.}) 35. Rd7+ Ke3 36. Rf3+ Ke2 37. Rxh7 Ncd2 38. Ra3 Rc6 39. Ra1 $4 {[%mdl 8192] Im Zeitnot macht der Anziehende einen groben Fehler. Schade, er hat in der ganzen Partie Vorteil gehabt und einige Male den Gewinn verpasst.} (39. g3 $142) 39... Nf3+ {In einem Gespräch hat mir Kortschnoj (wir spielen zusammen für die SG Zürich) erzählt, dass er in den letzten Partien des Matches (Baguio 1978) sich nicht konzentrieren konnte - Karpovs Psychologe hat ihn negativ beeinflußt!?!} (39... Nf3+ 40. gxf3 (40. Kh1 Nf2#) 40... Rg6+ 41. Kh1 Nf2#) 0-1

[Event "Dos Hermanas"]
[Site "Dos Hermanas"]
[Date "1997.04.04"]
[Round "3"]
[White "Kramnik, Vladimir"]
[Black "Karpov, Anatoly"]
[Result "1-0"]
[WhiteElo "2740"]
[BlackElo "2760"]
[Annotator "Kramnik,Vladimir"]
[PlyCount "69"]
[EventDate "1997.04.01"]
[EventType "tourn"]
[EventRounds "9"]
[EventCountry "ESP"]
[EventCategory "19"]
[SourceTitle "CBM 059"]
[Source "ChessBase"]
[SourceDate "1997.08.01"]
[SourceVersion "1"]
[SourceVersionDate "1997.08.01"]
[SourceQuality "1"]

1. Nf3 {Ftacnik} Nf6 2. c4 e6 3. Nc3 Bb4 4. Qc2 O-O 5. a3 Bxc3 6. Qxc3 b6 7. b4 (7. g3 Bb7 8. Bg2 c5 9. b4 d6 10. O-O Nbd7 11. Bb2 Qe7 12. d3 Rfc8 13. b5 $5 {Kramnik-Illescas/Dos Hermanas (5)/1997/CBM 59/}) 7... Bb7 8. Bb2 d6 9. e3 Nbd7 10. d4 (10. Be2) 10... Ne4 11. Qb3 $5 $146 (11. Qc2) 11... a5 (11... f5 12. Be2 Qe7 13. O-O Rae8 14. d5 $5) 12. Be2 axb4 13. axb4 Rxa1+ 14. Bxa1 Ndf6 $146 (14... Ng5 15. d5 $1 Nxf3+ (15... exd5 16. cxd5 Qa8 17. Qc3 Nxf3+ 18. gxf3 f6 19. O-O c5 20. dxc6 Bxc6 21. e4 d5 22. b5 Bb7 23. Qc7 Rf7 24. Bd4 {1-0 Wedberg,T-Akesson,R/Gausdal Int (06)/1982 (35)}) 16. Bxf3 $14 (16. Bxf3 {Ftacnik} e5 17. e4 Qe7 18. O-O Bc8 19. Bb2 Nf6 20. Ra1 Bg4 21. Bxg4 Nxg4 22. h3 Nf6 23. Bc1 Ne8 24. Qd3 g6 25. Ra8 {1-0 Mohr,S-Barbero,G/Budapest Compack/1988 (41)})) (14... b5 $6 {Ftacnik} 15. cxb5 Ng5 16. Qc3 $1 Nxf3+ 17. gxf3 f5 18. d5 e5 19. f4 $8 (19. e4 $2 f4 { b6 × a1}) 19... Bxd5 20. Rg1 Rf7 21. Bb2 $14 {½-½ Nogueiras,J-Georgiev,Ki/Leningrad/1987 (50)  g,  a1- h8}) ({RR} 14... Qf6 15. O-O Qg6 16. Rd1 f5 17. d5 e5 18. Ne1 Ndf6 19. f3 Ng5 20. Nd3 e4 21. Nf4 Qh6 22. Rf1 Bc8 23. Qd1 Bd7 24. Qe1 Ra8 25. h4 Nf7 26. Bd4 Ne5 27. Qg3 Ra2 28. Ra1 Rxa1+ 29. Bxa1 {Kramnik,V (2751)-Ivanchuk,V (2714) Monte Carlo 1999 1-0 (54)}) 15. O-O Qd7 16. b5 Ra8 17. Bb2 c6 $2 (17... Qd8 {18... a7, 19... a8}) (17... Qd8 {Ftacnik} 18. Qc2 Ra2 19. Ne1 Nd7 20. f3 Qg5 21. fxe4 Qxe3+ 22. Rf2 Bxe4 23. Qc3 Qxc3 24. Bxc3 Ra3 {½-½ Chekhov,V-Garcia Gonzales,G/Potsdam (10)/1985 (30)}) 18. bxc6 Qxc6 {19... d2} 19. Rc1 $1 Nd7 (19... Nd2 20. Qb4 $16 (20. Qd3 $14 {Ftacnik})) (19... Ng4 20. d5 $1 Qc7 (20... exd5 21. cxd5 Qxd5 22. Bc4 Qf5 23. Qxb6 Bd5 24. Qd4 Ngf6 25. Bd3 $16) (20... Qc8 21. Rf1 $1 (21. dxe6 {Ftacnik} fxe6 22. Rf1 $14) 21... Qc7 22. Nd4 $1 $16 Nd2 $2 23. Qc3 $1 Nxf1 24. Nb5 $18) 21. dxe6 fxe6 (21... Ngxf2 22. exf7+ Qxf7 23. Qxb6 $18) 22. c5 $1 Nxc5 (22... Bd5 23. Qxb6 $16) 23. Rxc5 $1 dxc5 24. Qxe6+ Kh8 25. Qxg4 Ra2 26. Qe6 $18) 20. Ne1 Qa4 (20... d5 {Ftacnik} 21. cxd5 Qxd5 22. Qxd5 Bxd5 23. Nd3 $14) 21. Qxa4 Rxa4 22. f3 Nef6 (22... Ra2 {Ftacnik} 23. Rc2 Nef6 24. e4 $14) 23. Bd1 $1 (23. Ra1 Rxa1 24. Bxa1 Ba6 $14) 23... Ra2 (23... Ra7 {Ftacnik} 24. Nd3 h6 25. e4 $14) 24. Nd3 Kf8 25. Bb3 Ra8 26. e4 Nb8 (26... Ke7 {Ftacnik} 27. Kf2 $14) 27. c5 $5 {Instructive moment, black pieces are badly coordinated for the opening of the position. Ein instruktiver Augenblick, schwarze Figuren sind schlecht koordiniert fur die Stellungseroffnung.} (27. Kf2 Nc6 28. Ke3 Na5 29. Ba2 $16) (27. e5 {Ftacnik} dxe5 28. Nxe5 Nc6 $14) 27... bxc5 (27... dxc5 {Ftacnik} 28. dxc5 Nfd7 29. cxb6 Nxb6 30. Rc7 $16) 28. dxc5 dxc5 (28... d5 $2 {Ftacnik} 29. Bxf6 gxf6 30. exd5 Bxd5 (30... exd5 31. Nb4 $18) 31. Bxd5 exd5 32. Nb4 $18) 29. Nxc5 Bc8 (29... Bc6 30. g4 $5 $36 {g4-g5}) 30. e5 $1 Ne8 $2 {} (30... Nd5 31. Bxd5 (31. Rd1 {Ftacnik} Nb6 $14) 31... exd5 32. Nd3 $5 $16) (30... Nfd7 {Ftacnik} 31. Nxe6+ fxe6 32. Rxc8+ $18) 31. Ba4 $1 {32.a3; 32.d1} Nc7 (31... f5 {Ftacnik} 32. Rd1 (32. exf6 Nxf6 33. Bb3 $16) 32... Na6 33. Bc6 Rb8 34. Ba3 Nxc5 35. Bxc5+ Kf7 36. Rd8 Nc7 37. Bd6 $18) (31... g6 {Ftacnik} 32. Rd1 Na6 33. Bc6 Rb8 34. Ba3 $18) 32. Ba3 Kg8 33. Ne4 $1 Rxa4 (33... Nba6 34. Bd6 (34. Bc6 {Ftacnik} Rb8 35. Rd1 $16) 34... Ra7 (34... Nd5 35. Bc6) (34... Bb7 35. Bxc7 Bxe4 (35... Rc8 36. Nd6) 36. fxe4 Rc8 37. Bb5 $1 Rxc7 (37... Nxc7 38. Bd7) 38. Rd1 $1 $18) 35. Bb5 $1 $18 {36.:a6+-}) (33... Ra7 {Ftacnik} 34. Bd6 Rxa4 35. Rxc7 Ba6 36. Re7 $18) 34. Rxc7 Ba6 (34... Bd7 35. Bd6 {36.b7} Ra1+ 36. Kf2 Rb1 37. Nc5 $18) 35. Nc5 $1 (35. Nc5 Rc4 (35... Rxa3 36. Nxa6 $18) 36. Nxa6) 1-0